000 00919nam0a22002291 4500
001 rc\848664
005 20250622015254.0
035 _a(NLR Aleph) 006029426
090 _a7512599
_c7512599
100 _a20041129d1983 |||y0rusy50 ca
101 0 _arus
102 _aRU
105 _aa |||||||||
200 1 _aОпыт работы по организации гражданской обороны на Острогожском АРС производственного объединения "Острогожскавторемонт"
_fГос. ком. РСФСР по произв.-техн. обеспечению сел. хоз-ва
210 _aМ.
_cЦБНТИ Госкомсельхозтехники РСФСР
_d1983
215 _a99 с.
_cсхем.
_d22
333 _aДСП. Экз. № 6
801 0 _aRU
_bNLR
_gpsbo
801 1 _aRU
_bELAR
_2rusmarc
852 _aNLR
_j83-50К/6246
942 _cBOOK
980 _aNB